00513 a2200157 4500010001400000020002600014035001300040037001500053082001300068100002300081245005800104260003900162270007800201300002500279500005100304 aENG-89258 c500.00a9788189239411 aEN-72791 bDBAD / PUB14a302.23091 aAnand, Vijay Kumar1 aHistory of mass communication /cby Vijay Kumar Anand aNew DelhibMurari Lal & Sonsc2007 a4378/4B, Ansari Road, Darya Ganj,bNew Delhic110 002k23261839, 23285119 av, 248p.c22cm (Hb) aIncludes bibliographical references and index